000 00915nam a2200277 ia4500
005 20240711123242.0
008 240711s2024 my a b 000 1 may d
020 _a9789672791089
_cRM28.00
_qpaperback
040 _aPPAK
_beng
_cPPAK
_erda
082 0 4 _223
_a499.2386
090 0 0 _a499.2386
_bNUR
_dK
100 0 _aNurul Huda,
_eauthor.
245 1 0 _aSi Belalang Yang Degil /
_cOlahan Semula: Nurul Huda
264 1 _aMentakab, Pahang :
_bKK NG ENTERPRISE,
_c[2024?]
300 _a46 pages :
_bcolour illustrations ;
_c21 cm
336 _atext
_2rdacontent
337 _aunmediated
_2rdamedia
338 _avolume
_2rdacarrier
490 1 _aSiri Aspirasi Cilik Positif
650 1 0 _aMalay language
_vReaders
650 2 0 _aChildren's stories, Malay
650 2 0 _aMalay fiction
650 2 4 _aMalaysian fiction (Malay)
830 0 _aSiri aspirasi cilik positif
942 _2ddc
_cB
999 _c196224
_d196224